1524 1659 1848 1918 1661 1833 1301 1860 1387 1884 1510 1611 1439 1292 1050 1704 1939 1876 1437 1326 1531 1571 1799 1685 1317 1891 1423 1046 1441 1894 1473 1066 1961 1197 1736 1496 1683 1099 1498 1667 1354 1643 1059 1640 1027 1994 1131 1914 1002 1490 1635 1005 1052 1798 1890 1365 1022 1020 1698 1584 1195 1226 1638 1419 1251 1378 1894 1203 1489 1496 1466 1622 1869 1571 1304 1291 1732 1825 1658 1009 1152 1795 1772 1992 2000 1639 1349 1955 1905 1785 1681 1707 1595 1783 1776 1162 1179 1974 1956 BCNSPRNW ULIB Ver.6.0+V

เปลี่ยนเป็นภาษาไทย

Change to English
 แสดงรายละเอียดบรรณานุกรม
  กลับหน้าหลัก

Brief Record : Get Marc (ISO 2709) : E-mail record : QR code < ปิดหน้าต่าง
LEADER : 00000nam 2200000uu 4500
001    13399124063
003     ULIB
008    150109s2555||||th 000 0 tha d
020    ^a9786167707082
060 04 ^aWV220^bร921
110 1  ^aมหาวิทยาลัยสงขลานครินทร์. ^bคณะแพทยศาสตร์. ^bหน่วยผลิตตำรา
245 00 ^aโรคของหูชั้นนอก =^bExternal ear /^cวันดี ไข่มุกด์, บรรณาธิการ
246 31 ^aExternal ear.
250    ^aพิมพ์ครั้งที่ 1
260    ^aสงขลา :^bหน่วยผลิตตำราคณะแพทยศาสตร์ มหาวิทยาลัยสงขลานครินทร์,^c2555.
300    ^a230 หน้า :^bภาพประกอบ
650  4 ^aหูชั้นนอก,โรค^xการรักษา ;^c27 ซม.
650  4 ^aหูชั้นนอก,โรค^xการวินิจฉัย
650  4 ^aหูชั้นนอก
700 0  ^aวันดี ไข่มุกด์,^eบรรณาธิการ
945    ^p550^l0^i038026
945    ^p550^l0^i038027
945    ^p550^l0^i038028
945    ^p550^l0^i038029
945    ^p550^l0^i038030
945    ^p550^l0^i038031
945    ^p550^l0^i038032
999    ^aเกษร โพธิ์สุวรรณ
รายการนี้ยังไม่มีแท็ก
คุณยังไม่ได้ล็อกอิน คุณสามารถมีกิจกรรมร่วมกับเว็บไซต์ได้ แต่ต้องล็อกอินก่อน ::
  ล็อกอิน

รายการสื่อสารสนเทศ

ลำดับที่ ประเภท เลขเรียก/บาร์โค้ด สถานที่ สถานะ
1. วิทยาศาสตร์การแพทย์ และสุขภาพ
หนังสือสำรอง
สถานะ=หนังสือสำรอง
WV220 ร921 ฉ.1 
  Barcode: 038026
ห้องสมุดวิทยาเขตสวรรค์ประชารักษ์
►ส่วนจัดเก็บหนังสือเก่า สปร
บนชั้น
  ขอยืม
2. วิทยาศาสตร์การแพทย์ และสุขภาพ
วิทยาศาสตร์การแพทย์ และสุขภาพ
WV220 ร921 ฉ.2 
  Barcode: 038027
ห้องสมุดวิทยาเขตสวรรค์ประชารักษ์
►ส่วนจัดเก็บหนังสือเก่า สปร
บนชั้น
  ขอยืม
3. วิทยาศาสตร์การแพทย์ และสุขภาพ
วิทยาศาสตร์การแพทย์ และสุขภาพ
WV220 ร921 ฉ.3 
  Barcode: 038028
ห้องสมุดวิทยาเขตสวรรค์ประชารักษ์
►ส่วนจัดเก็บหนังสือเก่า สปร
บนชั้น
  ขอยืม
4. วิทยาศาสตร์การแพทย์ และสุขภาพ
วิทยาศาสตร์การแพทย์ และสุขภาพ
WV220 ร921 ฉ.4 
  Barcode: 038029
ห้องสมุดวิทยาเขตสวรรค์ประชารักษ์
►ส่วนจัดเก็บหนังสือเก่า สปร
บนชั้น
  ขอยืม
5. วิทยาศาสตร์การแพทย์ และสุขภาพ
วิทยาศาสตร์การแพทย์ และสุขภาพ
WV220 ร921 ฉ.5 
  Barcode: 038030
ห้องสมุดวิทยาเขตสวรรค์ประชารักษ์
►ส่วนจัดเก็บหนังสือเก่า สปร
บนชั้น
  ขอยืม
6. วิทยาศาสตร์การแพทย์ และสุขภาพ
วิทยาศาสตร์การแพทย์ และสุขภาพ
สถานะ=หนังสือเก่า
WV220 ร921 ฉ.6 
  Barcode: 038031
ห้องสมุดวิทยาเขตสวรรค์ประชารักษ์
►ส่วนจัดเก็บหนังสือเก่า สปร
บนชั้น
  ขอยืม
7. วิทยาศาสตร์การแพทย์ และสุขภาพ
วิทยาศาสตร์การแพทย์ และสุขภาพ
WV220 ร921 ฉ.7 
  Barcode: 038032
ห้องสมุดวิทยาเขตสวรรค์ประชารักษ์
►หนังสือทั่วไป
บนชั้น

รายการใกล้เคียง
    หัวเรื่อง [หูชั้นนอก]

BibComment


ยังไม่เคยถูกคอมเมนท์

คอมเมนท์ทรัพยากรรายการนี้
  คอมเมนท์: โรคของหูชั้นนอก ..


 Copyright 2026. Bcnsprnw @Library